000
00221nam a22000977a 4500
999
_c
15875
_d
15875
003
OSt
008
191022b ||||| |||| 00| 0 eng d
100
_a
Thakazhi.
_9
4366
245
_a
Jeevitham Sundaramanu Pakshe
942
_c
BK